000 00475pab a2200169 454500
008 180718b2004 xxu||||| |||| 00| 0 eng d
100 _aHittalmani, S.V.
245 _aSelection intensity among the Valmiki: a scheduled tribe of Shimoga district, Karnataka
260 _c2004
300 _ap.46-49.
362 _aMar
650 _aTribes - India - Karnataka
650 _aTribes
700 _aBasavanagouda, T.T.
773 _aTribal Research Bulletin
909 _a67355
999 _c67355
_d67355